Paroles - Christophe Maé - Ça fait mal - Statistiques

Statistiques générales
  • Ce quiz a été pris 378 fois
  • Le résultat moyen est 196 sur 249
Statistiques - réponses
Paroles % Correct
Ça
98%
ça
98%
mal
98%
fait
97%
à
96%
a
96%
de
96%
sans
95%
toi
95%
Toi
95%
tu
95%
vivre
95%
pas
92%
pas,
92%
Elle
90%
elle
90%
et
90%
Et
90%
ne
90%
même
83%
la
77%
je
76%
Comme
75%
Que
75%
reviendras
71%
se
70%
tes
70%
Qu'elle
69%
son
68%
Son
68%
belle
67%
était
67%
Papa
67%
papa,
67%
papa
67%
t'imagines
67%
as
61%
côtés
61%
dire
61%
adieu
60%
Dans
60%
un
60%
rire
58%
veux
57%
t'en
56%
corps
53%
corps,
53%
ta
52%
Sur
51%
laissé
50%
pris
50%
route
48%
ces
47%
no
47%
regard
44%
oh
41%
conte
40%
fées
40%
voix
40%
d'elle
38%
est
38%
faisais
38%
voyais
38%
dansait
37%
dentelles
37%
Il
34%
reposait
34%
au
33%
ballet
32%
d'un
31%
amour
26%
L'effet
26%
sourire
26%
t'écouter
26%
virevoltait
23%
secours
21%
appelle
20%
Aucun quiz correspondant
Distribution des résultats
% des personnes avec chaque résultat
Percentile par nombre de réponses
Votre historique - résultats
Vous n’avez pas pris ce quiz